000 00495nam a22001577a 4500
999 _c9245
_d9245
008 210331b ||||| |||| 00| 0 eng d
040 _aBMS College of Architecture
100 _aRaj, N, Namitha
245 _aBiotech research center at Sunkadatte Bangalore
300 _aNA
500 _a1BM01AT018
502 _8B.Arch
_NBMS College of Architecture, Visvesvaraya Technological University
_aProject report
_d2005
650 _aSunkadkatte
700 _aRajan Sridhar
_eGuide
942 _2ddc
_cTHE